| 000 | 00491nam a2200193Ia 4500 | ||
|---|---|---|---|
| 003 | OSt | ||
| 005 | 20260126150854.0 | ||
| 020 | _a978-0-340-88758-5 | ||
| 040 | _cLIBRARY OF CONGRESS | ||
| 050 | _aKD 2204 .Z9 C66 2005 | ||
| 100 | _aMARTIN, JACQUELINE | ||
| 245 | 0 | _aCONSUMER LAW | |
| 260 |
_aLONDON _bHODDER EDUCATION _c2005 |
||
| 300 | _aVI,138P.:ILL | ||
| 500 | _aINCLUDES INDEX | ||
| 600 | _aCONSUMER PROTECTION--LAW AND LEGISLATION | ||
| 700 | _aTURNER, CHRIS | ||
| 942 |
_cBK _2lcc |
||
| 999 |
_c162889 _d162889 |
||